000 00746nam a2200277#a 4500
001 00745
003 HDC
007 ta
008 230623s2001 xx 000 0 eng d
020 _a9832390001 (pbk.).
040 _aHDC
050 _aHC 411
_b.M343 2001
100 _aMahathir bin Mohamad,
_cTun,
_d1925-
245 0 _aReflections on Asia /
_cMahathir Mohamad
264 _aKuala Lumpur :
_bMillennium Books,
_c2001
300 _a152p. ;
_c 21cm
500 _aIncludes index
650 _aAsia
_xEconomic conditions
650 _aAsia
_xPolitics and government
650 _aMalaysia
_xForeign relations
_zAsia
650 _aMalaysia
_xSocial conditions
942 _2lcc
942 _cBK
942 _kHC 411
942 _m.M343 2001
999 _c22360
_d22360